NBA Connais-tu vraiment cette ligue ? - Statistiques

Statistiques générales
  • Ce quiz a été pris 946 fois
    38 depuis la dernière actualisation
  • Le résultat moyen est 11 sur 15
Statistiques - réponses
Question Réponse % Correct
Quelle est l'image à l'origine du symbole de cette ligue ?
97%
Lequel de ces logo n'est pas un logo d'une équipe NBA ?
97%
Combien de matchs doit jouer chaque équipes lors d'une saison régulière ? 82
97%
Quelle autre pays possède aussi sa propre équipe en NBA ? Le Canada
97%
Lequel de ces joueurs n'appartenait pas à la Dream Team, à la team USA des JO de 1992 ? Wilt Chamberlain
94%
Combien d'équipes sont qualifiée en Playoffs ? 8 par conférences
91%
Qui est le coach des Lakers ? J.J. Redick
88%
Quel joueur est diplômé d'Harvard ? Jeremy Lin
85%
Quel était le nom précédent des Grizzlies de Memphis ? Les Grizzelies de Vancouver
85%
Combien de temps dure une saison régulière ? Environ 6 mois
82%
Quel joueur fut aussi joueur de base ball professionnel ? Michael Jordan
82%
Combien d'équipe y a t il en WNBA ? 13
52%
Combien de médailles d'or la team USA a-elle gagné aux JO ? 17
39%
Dans lequel de ces film, Stephen Curry a-t-il joué ? Love Hunters
24%
Combien d'équipes n'ont jamais gagné de titres ? 10
15%
Aucun quiz correspondant
Distribution des résultats
% des personnes avec chaque résultat
Percentile par nombre de réponses
Votre historique - résultats
Vous n’avez pas pris ce quiz depuis la dernière actualisation